[Event "FRA-chT"]
[Site "FRA"]
[Date "1998.05.08"]
[Round "8"]
[White "Benitah, Yohan"]
[Black "Brossard, Armel"]
[Result "1-0"]
[WhiteElo "2345"]
[BlackElo "2210"]
[PlyCount "81"]
[EventDate "1998.02.06"]
[Source "ChesBase"]
[SourceDate "1998.07.07"]

1. d4 Nf6 2. c4 e6 3. Nc3 c5 4. d5 exd5 5. cxd5 d6 6. e4 g6 7. f3 Bg7 8. Bg5
O-O 9. Qd2 h6 10. Be3 Re8 11. Nge2 Kh7 12. Ng3 a6 13. a4 Nbd7 14. Be2 Rb8 15.
O-O h5 16. Nh1 b6 17. Nf2 Qc7 18. Rfc1 Ne5 19. Rab1 c4 20. h3 b5 21. axb5 axb5
22. b4 Rb7 23. Ra1 Ng8 24. f4 Nd7 25. g4 hxg4 26. hxg4 Nf8 27. g5 f5 28. Kg2
Ne7 29. e5 dxe5 30. d6 Qc6+ 31. Bf3 e4 32. Nfxe4 fxe4 33. Nxe4 Qd7 34. Rh1+ Kg8
35. Nc5 Qf5 36. Nxb7 Bxb7 37. Bxb7 Qg4+ 38. Kf2 Rd8 39. Ra8 Rxa8 40. Bxa8 Nc8
41. Bd5+ 1-0

[Event "FRA-chT"]
[Site "FRA"]
[Date "1998.05.08"]
[Round "8"]
[White "Borne, Niels"]
[Black "Parr, Erik"]
[Result "1-0"]
[WhiteElo "2305"]
[BlackElo "2285"]
[PlyCount "97"]
[EventDate "1998.02.06"]
[Source "ChesBase"]
[SourceDate "1998.07.07"]

1. d4 d5 2. c4 c6 3. Nf3 Nf6 4. Nc3 a6 5. Bg5 b5 6. cxd5 cxd5 7. e3 e6 8. Bd3
Bb7 9. O-O Nbd7 10. a4 b4 11. Nb1 h6 12. Bh4 Bd6 13. Nbd2 O-O 14. Qe2 a5 15.
Rfc1 Qb6 16. Bg3 Rfc8 17. Bxd6 Qxd6 18. Nb3 Qb6 19. Bb5 Rxc1+ 20. Rxc1 Rc8 21.
Rxc8+ Bxc8 22. Ne1 Ne4 23. Nd3 Ndf6 24. Qc2 Ba6 25. Bxa6 Qxa6 26. Ne5 Ne8 27.
f3 N4d6 28. Nc5 Qc8 29. Qd3 f6 30. Ng6 Qc7 31. Nf4 e5 32. Nxd5 Qf7 33. dxe5
fxe5 34. b3 Nf6 35. Nxf6+ Qxf6 36. Qd5+ Kh7 37. Ne4 Nxe4 38. Qxe4+ Kh8 39. Qa8+
Kh7 40. Qe4+ Kh8 41. Qa8+ Kh7 42. Qxa5 Qd6 43. Kf2 Qd2+ 44. Kg3 Qe1+ 45. Kh3
Qc3 46. Qd5 Kg6 47. Qe6+ Kg5 48. g4 g6 49. Qe7# 1-0

[Event "FRA-chT"]
[Site "FRA"]
[Date "1998.05.08"]
[Round "8"]
[White "Boyd, Stephen"]
[Black "Collas, Didier"]
[Result "0-1"]
[WhiteElo "2355"]
[BlackElo "2355"]
[PlyCount "92"]
[EventDate "1998.02.06"]
[Source "ChesBase"]
[SourceDate "1998.07.07"]

1. e4 c5 2. c3 d5 3. exd5 Qxd5 4. d4 e6 5. Nf3 Nc6 6. Na3 Nf6 7. Nb5 Qd8 8.
dxc5 Bxc5 9. Qxd8+ Kxd8 10. Bg5 a6 11. O-O-O+ Ke7 12. Nbd4 Nxd4 13. Nxd4 Bd7
14. Be2 h6 15. Be3 Rhc8 16. Bf3 Bxd4 17. Bxd4 Bc6 18. Bxc6 Rxc6 19. Bxf6+ Kxf6
20. Rd7 b5 21. Rhd1 g5 22. Rb7 h5 23. Rdd7 Rf8 24. Kd2 h4 25. h3 Kg6 26. Ke3 f6
27. Rbc7 Rxc7 28. Rxc7 Ra8 29. Rc6 Kf5 30. Rc5+ e5 31. a3 Rd8 32. Rc6 Rd1 33.
Rxa6 Re1+ 34. Kd2 Rg1 35. Rb6 Rxg2 36. Ke2 Rh2 37. Rxb5 Rxh3 38. Rd5 Rh1 39.
Kf3 h3 40. Kg3 g4 41. Rd2 Rg1+ 42. Kh2 Rg2+ 43. Kh1 g3 44. Rd3 gxf2 45. Rf3+
Ke6 46. a4 Rg1+ 0-1

[Event "FRA-chT"]
[Site "FRA"]
[Date "1998.05.08"]
[Round "8"]
[White "Brochet, Philippe"]
[Black "Samara, Fred"]
[Result "0-1"]
[WhiteElo "2270"]
[BlackElo "2195"]
[PlyCount "80"]
[EventDate "1998.02.06"]
[Source "ChesBase"]
[SourceDate "1998.07.07"]

1. e4 c5 2. c4 Nc6 3. Nc3 g6 4. g3 Bg7 5. Bg2 d6 6. f4 e6 7. Nge2 Nge7 8. O-O
Nd4 9. Nxd4 cxd4 10. Ne2 O-O 11. d3 e5 12. b4 Rb8 13. a4 a6 14. b5 Be6 15. Ba3
Qd7 16. Qb3 axb5 17. axb5 Bg4 18. Ra2 Ra8 19. Qb4 Ra7 20. fxe5 dxe5 21. Rfa1
Rfa8 22. Nc1 Bf8 23. Qd2 h5 24. Qg5 Qe6 25. Bb4 Rxa2 26. Rxa2 Rxa2 27. Nxa2 Kh7
28. Qc1 Bh6 29. Qf1 Be3+ 30. Kh1 h4 31. h3 hxg3 32. hxg4 Bf2 33. Bf3 g5 34.
Qh3+ Kg7 35. Qh5 Qf6 36. Kg2 Ng6 37. Qh1 Nh4+ 38. Kf1 Nxf3 39. Be7 Qf4 40. Qh5
Be3 0-1

[Event "FRA-chT"]
[Site "FRA"]
[Date "1998.05.08"]
[Round "8"]
[White "Buchy, Daniel"]
[Black "Lecuyer, Christian"]
[Result "1/2-1/2"]
[WhiteElo "2215"]
[BlackElo "2265"]
[PlyCount "132"]
[EventDate "1998.02.06"]
[Source "ChesBase"]
[SourceDate "1998.07.07"]

1. f4 d5 2. Nf3 Nf6 3. e3 g6 4. d4 Bg7 5. Be2 O-O 6. O-O c5 7. c3 Nc6 8. Qe1
Qb6 9. Nbd2 a5 10. Ne5 a4 11. a3 Nxe5 12. fxe5 Ne8 13. Kh1 Nc7 14. Bd3 Bd7 15.
Nf3 Bb5 16. Qe2 Bxd3 17. Qxd3 Qa6 18. Qxa6 Rxa6 19. Ne1 c4 20. Nc2 f6 21. Nb4
Re6 22. e4 fxe5 23. Rxf8+ Kxf8 24. exd5 Rf6 25. Be3 Rf5 26. dxe5 Bxe5 27. g4
Rf3 28. Bh6+ Ke8 29. Kg2 Rf7 30. Be3 Bd6 31. Rd1 Kd7 32. Bb6 h5 33. Rd4 Rf4 34.
gxh5 gxh5 35. Rd2 Rh4 36. h3 Rf4 37. Bxc7 Kxc7 38. Nc2 Rf5 39. Ne3 Rg5+ 40. Kf2
b5 41. Ng2 Rg3 42. h4 Rh3 43. Re2 Bc5+ 44. Ke1 Rh1+ 45. Kd2 Rb1 46. Kc2 Rf1 47.
Re6 Rf2+ 48. Kb1 Bd6 49. Ne3 Rf4 50. Ng2 Rf1+ 51. Ka2 Rf2 52. Ne3 Rf4 53. Ng2
Rg4 54. Ne3 Rf4 55. Ng2 Rf5 56. Ne3 Rf3 57. Ng2 Kd7 58. Ne3 Bg3 59. Nc2 Bxh4
60. Re5 Bf6 61. Rxh5 Rf2 62. Kb1 Rf1+ 63. Ka2 Kd6 64. Rh2 Rd1 65. Nb4 Kd7 66.
Re2 Bg5 1/2-1/2

[Event "FRA-chT"]
[Site "FRA"]
[Date "1998.05.08"]
[Round "8"]
[White "Carton, Camille"]
[Black "Solozhenkin, Evgeniy"]
[Result "0-1"]
[WhiteElo "2080"]
[BlackElo "2500"]
[PlyCount "52"]
[EventDate "1998.02.06"]
[Source "ChesBase"]
[SourceDate "1998.07.07"]

1. e4 Nf6 2. e5 Nd5 3. d4 d6 4. Nf3 Bg4 5. Be2 e6 6. exd6 cxd6 7. O-O Be7 8. c4
Nf6 9. Nc3 O-O 10. d5 e5 11. Ne1 Bf5 12. f4 exf4 13. Bxf4 Qb6+ 14. Kh1 Ne4 15.
Nxe4 Bxe4 16. Bd3 Bg6 17. Bxg6 hxg6 18. Qb3 Qa6 19. Nd3 Nd7 20. Qb4 Rfe8 21.
Rfe1 g5 22. Bg3 Nf6 23. Re2 Bf8 24. Rxe8 Rxe8 25. b3 Re2 26. Nc1 Nxd5 0-1

[Event "FRA-chT"]
[Site "FRA"]
[Date "1998.05.08"]
[Round "8"]
[White "Chabanon, Jean Luc"]
[Black "Bricard, Emmanuel"]
[Result "1-0"]
[WhiteElo "2465"]
[BlackElo "2450"]
[PlyCount "79"]
[EventDate "1998.02.06"]
[Source "ChesBase"]
[SourceDate "1998.07.07"]

1. d4 e6 2. c4 Nf6 3. Nf3 d5 4. Nc3 Nbd7 5. Bg5 Be7 6. cxd5 exd5 7. e3 O-O 8.
Bd3 Re8 9. O-O c6 10. Qc2 Nf8 11. h3 Be6 12. a3 Nh5 13. Bxe7 Qxe7 14. Rae1 g6
15. g4 Ng7 16. Nh2 Qh4 17. Kg2 h5 18. f3 Re7 19. Qf2 Qxf2+ 20. Kxf2 Rae8 21.
Rg1 Nh7 22. f4 Nf6 23. f5 gxf5 24. gxf5 Bc8 25. Nf3 Kh8 26. Nh4 Rg8 27. Kf3
Nge8 28. Kf4 Nd6 29. Nf3 Rxg1 30. Rxg1 Kh7 31. Ne5 Re8 32. h4 Ng8 33. f6+ Kh8
34. Kg5 Bg4 35. Rf1 Rf8 36. Bg6 Be6 37. Bxh5 Ne8 38. Bg4 Ngxf6 39. Bxe6 Rg8+
40. Kh6 1-0

[Event "FRA-chT"]
[Site "FRA"]
[Date "1998.05.08"]
[Round "8"]
[White "Conquest, Stuart"]
[Black "Herb, Pascal"]
[Result "1-0"]
[WhiteElo "2480"]
[BlackElo "2345"]
[PlyCount "85"]
[EventDate "1998.02.06"]
[Source "ChesBase"]
[SourceDate "1998.07.07"]

1. e4 c5 2. Nf3 d6 3. d4 cxd4 4. Nxd4 Nf6 5. Nc3 g6 6. Bc4 Nc6 7. Nxc6 bxc6 8.
e5 Ng4 9. exd6 Qxd6 10. Qxd6 exd6 11. O-O Be6 12. Bb3 Be7 13. h3 Nf6 14. Bh6
O-O-O 15. Ne2 Rhe8 16. Nd4 Bxb3 17. axb3 Kb7 18. b4 Nd5 19. c3 Bf6 20. Rfd1 a6
21. Kf1 Re4 22. Nf3 Rde8 23. Bd2 h5 24. Ra2 Ra8 25. Bg5 Bg7 26. Nd2 Re6 27. Nc4
Rae8 28. Bd2 Ra8 29. Rda1 Rf6 30. Na5+ Kc7 31. c4 Ne7 32. Bc3 Nf5 33. Bxf6 Bxf6
34. Nb3 Kb6 35. Rd1 Be5 36. g4 hxg4 37. hxg4 Ng7 38. Ra5 Rh8 39. c5+ dxc5 40.
bxc5+ Kc7 41. Rxa6 Ne6 42. Ra7+ Kb8 43. Rxf7 1-0

[Event "FRA-chT"]
[Site "FRA"]
[Date "1998.05.08"]
[Round "8"]
[White "Cramling, Pia"]
[Black "Gueneau, Christophe"]
[Result "1-0"]
[WhiteElo "2535"]
[BlackElo "2175"]
[PlyCount "59"]
[EventDate "1998.02.06"]
[Source "ChesBase"]
[SourceDate "1998.07.07"]

1. d4 e6 2. c4 Nf6 3. Nf3 d5 4. Nc3 Be7 5. Bg5 h6 6. Bxf6 Bxf6 7. Qb3 c6 8. Rd1
O-O 9. e4 dxe4 10. Nxe4 Qa5+ 11. Rd2 Be7 12. Be2 Bb4 13. Nc3 Nd7 14. O-O Bxc3
15. bxc3 b6 16. Re1 Bb7 17. Bd3 Rad8 18. h3 c5 19. d5 exd5 20. cxd5 Nf6 21. c4
Rfe8 22. Rde2 Rxe2 23. Rxe2 b5 24. Qxb5 Qxb5 25. cxb5 Bxd5 26. Ne5 Kf8 27. a4
Be6 28. a5 Rd4 29. Rc2 Ra4 30. a6 1-0

[Event "FRA-chT"]
[Site "FRA"]
[Date "1998.05.08"]
[Round "8"]
[White "Desbones, Samy"]
[Black "Sorin, Maxime"]
[Result "0-1"]
[WhiteElo "2220"]
[BlackElo "2250"]
[PlyCount "74"]
[EventDate "1998.02.06"]
[Source "ChesBase"]
[SourceDate "1998.07.07"]

1. e4 c5 2. Nf3 Nc6 3. d4 cxd4 4. Nxd4 Nf6 5. Nc3 d6 6. Be2 e5 7. Nb3 Be7 8.
O-O O-O 9. f4 exf4 10. Bxf4 Be6 11. Kh1 d5 12. e5 Ne4 13. Nxe4 dxe4 14. Bb5 Qb6
15. Bxc6 Rfd8 16. Qe2 Qxc6 17. Rfe1 Bf5 18. c3 Qb6 19. Rad1 Rxd1 20. Rxd1 Rd8
21. Rxd8+ Bxd8 22. Qd2 Be7 23. h3 h6 24. Nd4 Bg6 25. Qe2 a6 26. Nb3 Qe6 27. Qd2
Qc4 28. Kh2 Qf1 29. Nc1 Bh4 30. Ne2 Bf2 31. Be3 h5 32. Bd4 e3 33. Bxe3 Be4 34.
Qd8+ Kh7 35. Qg5 Bxe3 36. Qxh5+ Kg8 37. Qg4 Bd3 0-1

[Event "FRA-chT"]
[Site "FRA"]
[Date "1998.05.08"]
[Round "8"]
[White "Flear, Glenn C"]
[Black "Roos, Daniel"]
[Result "1/2-1/2"]
[WhiteElo "2445"]
[BlackElo "2430"]
[PlyCount "69"]
[EventDate "1998.02.06"]
[Source "ChesBase"]
[SourceDate "1998.07.07"]

1. d4 Nf6 2. c4 g6 3. Nc3 d5 4. Nf3 Bg7 5. Qb3 dxc4 6. Qxc4 O-O 7. Bf4 c6 8. e4
b5 9. Qb3 Bg4 10. Rd1 Nbd7 11. Be2 Qa5 12. e5 Be6 13. Qc2 Nd5 14. Bd2 Nxc3 15.
a3 c5 16. dxc5 Nxc5 17. Bxc3 Qc7 18. Nd4 Bd5 19. O-O Qb7 20. Bf3 Bxf3 21. Nxf3
Rac8 22. Qe2 Ne6 23. Qe3 Rfd8 24. h3 a6 25. Ba5 Rd7 26. Rc1 Rxc1 27. Rxc1 h5
28. Qb6 Qxb6 29. Bxb6 Bh6 30. Rc8+ Kg7 31. g3 Rd3 32. Kg2 Rb3 33. Nd4 Nxd4 34.
Bxd4 Rd3 35. Bc3 1/2-1/2

[Event "FRA-chT"]
[Site "FRA"]
[Date "1998.05.08"]
[Round "8"]
[White "Flouzat, Jean Marc"]
[Black "Toulzac, Pierre Yves"]
[Result "0-1"]
[WhiteElo "2225"]
[BlackElo "2265"]
[PlyCount "77"]
[EventDate "1998.02.06"]
[Source "ChesBase"]
[SourceDate "1998.07.07"]

1. d4 Nf6 2. Nf3 g6 3. Bf4 Bg7 4. e3 d6 5. h3 Nbd7 6. Be2 O-O 7. O-O Qe8 8. c4
e5 9. Bh2 Ne4 10. Nbd2 f5 11. Rc1 Kh8 12. b4 a5 13. b5 b6 14. a4 Qe7 15. Nb3
Bb7 16. Re1 g5 17. Nfd2 Rad8 18. Nxe4 Bxe4 19. Bf3 Bxf3 20. Qxf3 e4 21. Qe2
Rde8 22. c5 f4 23. cxd6 cxd6 24. Rc7 Qf7 25. Nd2 d5 26. Rec1 Qf5 27. R1c6 f3
28. Qf1 g4 29. hxg4 Qxg4 30. Rd6 Rf7 31. Rxd5 Nf6 32. Rxf7 Nxd5 33. Bg3 Nxe3
34. fxe3 Qxg3 35. Qf2 Qg6 36. Rc7 Bxd4 37. exd4 e3 38. Nxf3 exf2+ 39. Kxf2 0-1

[Event "FRA-chT"]
[Site "FRA"]
[Date "1998.05.08"]
[Round "8"]
[White "Guidarelli, Laurent"]
[Black "Simon, Frederic"]
[Result "1-0"]
[WhiteElo "2225"]
[BlackElo "2055"]
[PlyCount "53"]
[EventDate "1998.02.06"]
[Source "ChesBase"]
[SourceDate "1998.07.07"]

1. e4 c6 2. d4 d5 3. exd5 cxd5 4. c4 e6 5. Nc3 Nf6 6. Nf3 Nc6 7. Bd3 Be7 8. O-O
O-O 9. Bg5 dxc4 10. Bxc4 Bd7 11. a3 Rc8 12. Ba2 Nd5 13. Bxd5 Bxg5 14. Be4 Bf6
15. Qd3 g6 16. Rad1 Qb6 17. h4 Rfd8 18. h5 Be8 19. d5 Ne7 20. d6 Bxc3 21. bxc3
Bb5 22. c4 Bxc4 23. Qc3 Bxf1 24. dxe7 Re8 25. Qf6 Qc7 26. h6 Qc3 27. Ne5 1-0

[Event "FRA-chT"]
[Site "FRA"]
[Date "1998.05.08"]
[Round "8"]
[White "Hebden, Mark"]
[Black "Berend, Fred"]
[Result "1/2-1/2"]
[WhiteElo "2585"]
[BlackElo "2350"]
[PlyCount "171"]
[EventDate "1998.02.06"]
[Source "ChesBase"]
[SourceDate "1998.07.07"]

1. d4 Nf6 2. Nf3 e6 3. c3 b6 4. Bg5 Bb7 5. Nbd2 Be7 6. e3 c5 7. a3 O-O 8. h4 d6
9. Bd3 Nbd7 10. Qe2 Re8 11. Rh3 cxd4 12. cxd4 Rc8 13. Rd1 Qc7 14. h5 h6 15.
Bxf6 Nxf6 16. Nh4 d5 17. Nhf3 Bd6 18. Rh4 Nh7 19. Kf1 f5 20. Nb1 Qe7 21. Rh3
Nf6 22. Nh4 Qf7 23. Ng6 Rc7 24. Nc3 Bc6 25. f4 Rec8 26. Ne5 Bxe5 27. fxe5 Nh7
28. Kg1 Ng5 29. Rh4 Qe7 30. Qe1 Be8 31. Ra1 Kh8 32. Be2 Rb8 33. g4 fxg4 34.
Bxg4 b5 35. Rh2 b4 36. axb4 Rxb4 37. Qf2 Bb5 38. Nxb5 Rxb5 39. Rf1 Rb8 40. Qe1
Rcb7 41. Qc1 Rc7 42. Qe1 Kg8 43. Rg2 Rf8 44. Rxf8+ Qxf8 45. Rf2 Qe7 46. Qa5
Rc1+ 47. Rf1 Rc2 48. Qa6 Rc7 49. Kg2 Rc2+ 50. Kg1 Rc7 51. Rf2 Qe8 52. Kg2 Kh7
53. Qd3+ Kg8 54. Qg6 Rf7 55. Rc2 Kf8 56. Qd3 Rb7 57. Qa3+ Qe7 58. Rf2+ Kg8 59.
Qa6 Rb8 60. b4 Rf8 61. Rxf8+ Kxf8 62. b5 Kf7 63. Qc8 Nh7 64. Qc5 Nf8 65. Qxe7+
Kxe7 66. Kf3 g6 67. hxg6 Nxg6 68. e4 dxe4+ 69. Kxe4 Nf8 70. d5 exd5+ 71. Kxd5
Nd7 72. Bh5 Nb6+ 73. Ke4 Na4 74. Kd4 Nb6 75. Be2 Ke6 76. Bg4+ Ke7 77. Bd1 Kd7
78. Ke4 Ke7 79. Bg4 Na4 80. Kd4 Nb6 81. Kc5 Na4+ 82. Kd5 Nc3+ 83. Kc4 Na4 84.
Kd5 Nc3+ 85. Kc4 Na4 86. Kd5 1/2-1/2

[Event "FRA-chT"]
[Site "FRA"]
[Date "1998.05.08"]
[Round "8"]
[White "Ikonnikov, Vyacheslav"]
[Black "Glavina, Pablo"]
[Result "1/2-1/2"]
[WhiteElo "2550"]
[BlackElo "2425"]
[PlyCount "76"]
[EventDate "1998.02.06"]
[Source "ChesBase"]
[SourceDate "1998.07.07"]

1. d4 Nf6 2. Nf3 d5 3. c4 c6 4. Nc3 e6 5. Bg5 h6 6. Bxf6 Qxf6 7. e3 Nd7 8. Qc2
g6 9. cxd5 exd5 10. Bd3 Bb4 11. O-O O-O 12. a3 Bxc3 13. Qxc3 Nb6 14. Qc2 Be6
15. b4 Nc8 16. Qc5 Rd8 17. b5 cxb5 18. Qxb5 Nd6 19. Qb4 Rac8 20. Rfc1 Qe7 21.
Ne5 Rxc1+ 22. Rxc1 Rc8 23. Rc5 Kg7 24. Qc3 Qd8 25. f3 b6 26. Rc6 Bd7 27. Nxd7
Qxd7 28. Rxc8 Qxc8 29. Qxc8 Nxc8 30. e4 Ne7 31. Kf2 f5 32. exd5 Nxd5 33. Bc4
Nc7 34. Ke3 Kf6 35. f4 Ne8 36. Kd3 Nd6 37. Bd5 Ke7 38. g3 Kf6 1/2-1/2

[Event "FRA-chT"]
[Site "FRA"]
[Date "1998.05.08"]
[Round "8"]
[White "Kallai, Gabor"]
[Black "Hamdouchi, Hichem"]
[Result "1/2-1/2"]
[WhiteElo "2470"]
[BlackElo "2535"]
[PlyCount "68"]
[EventDate "1998.02.06"]
[Source "ChesBase"]
[SourceDate "1998.07.07"]

1. d4 Nf6 2. Nf3 e6 3. g3 b5 4. Bg2 Bb7 5. O-O c5 6. Bg5 cxd4 7. a4 b4 8. Bxf6
Qxf6 9. Qxd4 Be7 10. Nbd2 Nc6 11. Qd3 d5 12. e4 O-O 13. exd5 exd5 14. c3 Rfd8
15. Nb3 Rac8 16. Rfe1 bxc3 17. bxc3 Qg6 18. Qd2 Ba6 19. Nbd4 Nxd4 20. cxd4 Bf8
21. Ne5 Qd6 22. Qa5 Qb6 23. Qxb6 axb6 24. Rab1 Rd6 25. Bf1 Bxf1 26. Kxf1 Ra8
27. Ra1 f6 28. Nf3 Rc6 29. Reb1 Ra5 30. Rb3 Kf7 31. Rab1 Rxa4 32. Rxb6 Rxb6 33.
Rxb6 Rb4 34. Rxb4 Bxb4 1/2-1/2

[Event "FRA-chT"]
[Site "FRA"]
[Date "1998.05.08"]
[Round "8"]
[White "Kappler, Jean Marie"]
[Black "Letreguilly, Olivier"]
[Result "1/2-1/2"]
[WhiteElo "2255"]
[BlackElo "2240"]
[PlyCount "109"]
[EventDate "1998.02.06"]
[Source "ChesBase"]
[SourceDate "1998.07.07"]

1. e4 c5 2. g3 d5 3. exd5 Qxd5 4. Nf3 Bg4 5. Bg2 Qe6+ 6. Kf1 Nc6 7. h3 Bh5 8.
d3 Qd7 9. Nc3 e6 10. Bf4 Bd6 11. Qd2 Bxf3 12. Bxf3 Nd4 13. Bxd6 Qxd6 14. Bxb7
Rb8 15. Ne4 Qb6 16. Qg5 Ne7 17. Qxg7 Ng6 18. Nf6+ Ke7 19. Be4 Qxb2 20. Kg2 Nxc2
21. Rac1 Rhc8 22. h4 Ne3+ 23. Kh3 Qxf6 24. Qxf6+ Kxf6 25. fxe3 Rb2 26. h5 Nf8
27. Rh2 Rxh2+ 28. Kxh2 Rb8 29. g4 Rb2+ 30. Kg3 h6 31. Rxc5 Rxa2 32. Rc7 Kg7 33.
d4 Ra5 34. Kf3 Kf6 35. Bc2 Ra1 36. Bd3 Ra3 37. Be4 Ra1 38. d5 exd5 39. Bxd5 Ne6
40. Bxe6 fxe6 41. Rh7 Kg5 42. Rg7+ Kh4 43. Rg6 Rg1 44. Rxe6 Rg3+ 45. Kf2 Rxg4
46. Rxh6 Rg5 47. Ra6 Kxh5 48. Rxa7 Kg6 49. Kf3 Kf6 50. Ra6+ Ke7 51. Kf4 Rb5 52.
e4 Kf7 53. e5 Rb1 54. Ra7+ Ke6 55. Ra6+ 1/2-1/2

[Event "FRA-chT"]
[Site "FRA"]
[Date "1998.05.08"]
[Round "8"]
[White "Kleinplatz, Sam"]
[Black "Kosten, Anthony C"]
[Result "0-1"]
[WhiteElo "2335"]
[BlackElo "2535"]
[PlyCount "84"]
[EventDate "1998.02.06"]
[Source "ChesBase"]
[SourceDate "1998.07.07"]

1. d4 Nf6 2. c4 e6 3. Nf3 b6 4. Bf4 Bb7 5. e3 Bb4+ 6. Nfd2 Be7 7. Nc3 d5 8. Rc1
dxc4 9. Bxc4 O-O 10. O-O a6 11. Be2 Nbd7 12. Bf3 Bxf3 13. Qxf3 c5 14. Nc4 b5
15. Ne5 Nxe5 16. dxe5 Nd7 17. Ne4 Qa5 18. Rfd1 Rad8 19. a3 c4 20. Qg3 Kh8 21.
Bg5 f6 22. exf6 gxf6 23. Bf4 e5 24. Bh6 Rg8 25. Qh3 Qc7 26. Qe6 Nc5 27. Nxc5
Qxc5 28. Rxd8 Rxd8 29. Qf7 Rg8 30. Rd1 c3 31. bxc3 Qc4 32. Qxc4 bxc4 33. e4
Bxa3 34. Rd7 Bb2 35. Rc7 a5 36. Rxc4 Ra8 37. Rc7 a4 38. Bg7+ Kg8 39. Bxf6 a3
40. Rg7+ Kf8 41. Rxh7 Ra6 42. Be7+ Kg8 0-1

[Event "FRA-chT"]
[Site "FRA"]
[Date "1998.05.08"]
[Round "8"]
[White "Lazarev, Vladimir"]
[Black "Salaun, Yann"]
[Result "1-0"]
[WhiteElo "2490"]
[BlackElo "2360"]
[PlyCount "89"]
[EventDate "1998.02.06"]
[Source "ChesBase"]
[SourceDate "1998.07.07"]

1. d4 e6 2. c4 d5 3. Nf3 c5 4. cxd5 exd5 5. g3 Nc6 6. Bg2 Nf6 7. O-O Be7 8. Nc3
O-O 9. Bg5 cxd4 10. Nxd4 Re8 11. Rc1 h6 12. Be3 Bg4 13. h3 Be6 14. Qa4 Qd7 15.
Nxe6 fxe6 16. Rfd1 Bd6 17. Bf4 Bxf4 18. Qxf4 Rf8 19. e3 Rad8 20. Qa4 Qf7 21.
Rd2 Kh8 22. Rcd1 Nd7 23. Qh4 Nde5 24. f4 Nc4 25. Re2 Ne7 26. g4 Ng6 27. Qg3 Qf6
28. Kh2 Nxb2 29. Rxb2 Qxc3 30. Rxb7 Qc2 31. Rdb1 d4 32. R1b2 Qc3 33. f5 exf5
34. gxf5 Rxf5 35. Qxg6 Rg5 36. Qe4 dxe3 37. Qe7 Qd4 38. Qxd8+ Qxd8 39. Rb8
Qxb8+ 40. Rxb8+ Kh7 41. Be4+ g6 42. Rb7+ Kg8 43. Rb3 Ra5 44. Kg3 Kg7 45. a3 1-0

[Event "FRA-chT"]
[Site "FRA"]
[Date "1998.05.08"]
[Round "8"]
[White "Leski, Marc"]
[Black "Eliet, Nicolas"]
[Result "1/2-1/2"]
[WhiteElo "2425"]
[BlackElo "2355"]
[PlyCount "33"]
[EventDate "1998.02.06"]
[Source "ChesBase"]
[SourceDate "1998.07.07"]

1. d4 d6 2. e4 Nf6 3. Nc3 g6 4. Bg5 c6 5. Qd2 b5 6. Bd3 Bg7 7. h3 Nbd7 8. Nf3
Qc7 9. O-O O-O 10. Bh6 Bb7 11. Bxg7 Kxg7 12. Rfe1 e5 13. dxe5 dxe5 14. Rad1 Nc5
15. Qe3 Nfd7 16. Bf1 Ne6 17. Rd2 1/2-1/2

[Event "FRA-chT"]
[Site "FRA"]
[Date "1998.05.08"]
[Round "8"]
[White "Lopez, Jorge"]
[Black "Derieux, Christian"]
[Result "1-0"]
[WhiteElo "2195"]
[BlackElo "2160"]
[PlyCount "79"]
[EventDate "1998.02.06"]
[Source "ChesBase"]
[SourceDate "1998.07.07"]

1. d4 Nf6 2. Nf3 c5 3. e3 g6 4. Bd3 Bg7 5. O-O cxd4 6. exd4 O-O 7. Re1 Nc6 8.
c3 d5 9. h3 Ne8 10. Bf4 Nd6 11. Nbd2 Bf5 12. Bxf5 Nxf5 13. Nb3 Re8 14. Nc5 b6
15. Nd3 Rc8 16. Qa4 e6 17. Qa6 f6 18. Re2 Qd7 19. Rae1 Rcd8 20. Nh2 Nd6 21.
Bxd6 Qxd6 22. Qa4 e5 23. dxe5 fxe5 24. Ng4 e4 25. a3 Rf8 26. Nb4 Nxb4 27. axb4
Rf7 28. Ne3 d4 29. cxd4 Bxd4 30. Rd1 Qf4 31. Red2 Rdf8 32. Re1 h5 33. Qc6 Kh7
34. Qd5 Bxe3 35. Rxe3 Rc7 36. Re1 Rfc8 37. Rde2 Rc2 38. Qxe4 Qxe4 39. Rxe4 Rxb2
40. Re7+ 1-0

[Event "FRA-chT"]
[Site "FRA"]
[Date "1998.05.08"]
[Round "8"]
[White "Maier, Christian"]
[Black "Fressinet, Laurent"]
[Result "1/2-1/2"]
[WhiteElo "2380"]
[BlackElo "2450"]
[PlyCount "65"]
[EventDate "1998.02.06"]
[Source "ChesBase"]
[SourceDate "1998.07.07"]

1. e4 c5 2. Nc3 e6 3. Nf3 a6 4. d4 cxd4 5. Nxd4 b5 6. e5 Bb7 7. Bd3 d6 8. O-O
dxe5 9. Nxe6 fxe6 10. Qh5+ Ke7 11. Bg5+ Nf6 12. Be4 Bxe4 13. Nxe4 Nbd7 14. Rad1
Qe8 15. Qf3 Kf7 16. Rxd7+ Qxd7 17. Rd1 Qe7 18. Bxf6 gxf6 19. Qh5+ Kg8 20. Rd7
f5 21. Rxe7 Bxe7 22. Ng5 Bxg5 23. Qxg5+ Kf7 24. Qe3 Rad8 25. h3 Rd5 26. Qc3
Rhd8 27. Qc6 R5d6 28. Qc7+ R8d7 29. Qc8 Kg7 30. Kh2 Rd8 31. Qc7+ R8d7 32. Qc8
Rd8 33. Qc7+ 1/2-1/2

[Event "FRA-chT"]
[Site "FRA"]
[Date "1998.05.08"]
[Round "8"]
[White "Marcelin, Cyril"]
[Black "De Sousa, Jose"]
[Result "1-0"]
[WhiteElo "2375"]
[BlackElo "2230"]
[PlyCount "85"]
[EventDate "1998.02.06"]
[Source "ChesBase"]
[SourceDate "1998.07.07"]

1. e4 c5 2. Nf3 Nc6 3. c3 Nf6 4. e5 Nd5 5. d4 cxd4 6. cxd4 g6 7. Qb3 e6 8. Nc3
d6 9. Nxd5 exd5 10. Qxd5 Be6 11. Qb5 dxe5 12. Bd2 exd4 13. Qxb7 Qc8 14. Qxc8+
Rxc8 15. Rc1 Nb4 16. Bb5+ Kd8 17. Bg5+ Be7 18. Rxc8+ Bxc8 19. a3 a6 20. axb4
axb5 21. Bxe7+ Kxe7 22. Nxd4 Bd7 23. Kd2 Ra8 24. Rc1 Ra2 25. Kc3 Ra6 26. Re1+
Kd6 27. Nb3 Bc6 28. g3 Ra8 29. f4 f6 30. Nc5 Bd5 31. h4 h6 32. Kd4 Bc4 33. Ne4+
Ke6 34. Nd2+ Kf5 35. Nxc4 bxc4 36. Kxc4 Rc8+ 37. Kb3 Rb8 38. Re3 Rb7 39. Kc4
Rc7+ 40. Kb5 Rc2 41. Ka6 Rc4 42. b5 Ra4+ 43. Kb6 1-0

[Event "FRA-chT"]
[Site "FRA"]
[Date "1998.05.08"]
[Round "8"]
[White "Marchand, Francois"]
[Black "Delebarre, Xavier"]
[Result "0-1"]
[WhiteElo "2305"]
[BlackElo "2270"]
[PlyCount "106"]
[EventDate "1998.02.06"]
[Source "ChesBase"]
[SourceDate "1998.07.07"]

1. d4 c5 2. d5 d6 3. c4 g6 4. e4 Bg7 5. Nf3 Nf6 6. Nc3 O-O 7. Be2 e6 8. O-O
exd5 9. cxd5 Bg4 10. Re1 a6 11. e5 dxe5 12. Nxe5 Bxe2 13. Rxe2 Nbd7 14. Bg5
Nxe5 15. Rxe5 Qd6 16. Re1 Rfe8 17. Qf3 Rxe1+ 18. Rxe1 Re8 19. Rxe8+ Nxe8 20. h3
Be5 21. a4 f6 22. Bh4 Kg7 23. Bg3 Bxg3 24. fxg3 h5 25. Qe3 Kf7 26. g4 hxg4 27.
hxg4 Nc7 28. Qf3 Ne8 29. Qd3 Qe5 30. Ne4 Nd6 31. Nxc5 Qxb2 32. Ne6 Qa1+ 33. Kh2
Qe5+ 34. Kg1 Qe1+ 35. Kh2 Qh4+ 36. Qh3 Qxh3+ 37. gxh3 b5 38. axb5 axb5 39. h4
b4 40. Nc5 Nc4 41. Kg3 Ke7 42. h5 gxh5 43. gxh5 Ne3 44. Kf4 Nxd5+ 45. Ke4 Nc7
46. Kd4 Ne6+ 47. Nxe6 Kxe6 48. Kc4 Kf5 49. Kxb4 Kg5 50. Kc4 Kxh5 51. Kd4 Kg4
52. Ke3 f5 53. Ke2 Kg3 0-1

[Event "FRA-chT"]
[Site "FRA"]
[Date "1998.05.08"]
[Round "8"]
[White "Marzolo, Cyril"]
[Black "Apicella, Manuel"]
[Result "0-1"]
[WhiteElo "2355"]
[BlackElo "2520"]
[PlyCount "48"]
[EventDate "1998.02.06"]
[Source "ChesBase"]
[SourceDate "1998.07.07"]

1. d4 d5 2. c4 e6 3. Nc3 c6 4. e3 Bd6 5. Qc2 f5 6. Bd3 Nh6 7. Nge2 O-O 8. f3
Nd7 9. O-O Kh8 10. b3 dxc4 11. bxc4 e5 12. g3 Nf6 13. Bd2 Qe7 14. Rab1 b6 15.
a4 Re8 16. dxe5 Bxe5 17. Nd4 Bd7 18. Nce2 Rad8 19. Rfd1 Bb8 20. c5 bxc5 21. Nb3
c4 22. Bxc4 f4 23. Nxf4 Bxf4 24. exf4 Bf5 0-1

[Event "FRA-chT"]
[Site "FRA"]
[Date "1998.05.08"]
[Round "8"]
[White "Muller, Anne"]
[Black "Moingt, Jean Claude"]
[Result "1-0"]
[WhiteElo "2115"]
[BlackElo "2300"]
[PlyCount "63"]
[EventDate "1998.02.06"]
[Source "ChesBase"]
[SourceDate "1998.07.07"]

1. e4 c5 2. Nf3 d6 3. d4 cxd4 4. Nxd4 Nf6 5. Nc3 g6 6. Be2 Bg7 7. O-O O-O 8.
Be3 Nc6 9. Nb3 a6 10. a4 Be6 11. f4 Na5 12. Nd4 Bc4 13. Bd3 e5 14. fxe5 dxe5
15. Nf3 Qc7 16. Kh1 Rad8 17. Qe2 Nh5 18. Qf2 Bxd3 19. cxd3 Nb3 20. Rad1 Qd7 21.
Bb6 Rc8 22. Nd5 Nf4 23. Nxe5 Bxe5 24. Nxf4 Qxa4 25. Nd5 Kh8 26. d4 Bg7 27. Qe3
Qb5 28. Rf3 Na5 29. Qf2 Nc4 30. Bc5 Nxb2 31. Bxf8 Nxd1 32. Bxg7+ 1-0